| 000 | 01040nam a22003257a 4500 | ||
|---|---|---|---|
| 003 | CHAP | ||
| 005 | 20220329143421.0 | ||
| 008 | 090529s1989 mx a r 00010 spa d | ||
| 010 | _a96279 | ||
| 011 | _a97251 | ||
| 035 | _a107914 | ||
| 040 | _cCHAP | ||
| 090 | _aFolleto 17414 | ||
| 100 | 0 | 0 |
_aKoepf, Herbert H. _963610 |
| 245 | 1 | 0 |
_aComposta : _balternativa para la agricultura rural y urbana _c/por Herbert H. Koepf |
| 260 |
_aMéxico, D.F. : _bGrupo de Estudios Ambientales, _c1989 |
||
| 300 |
_a57 p. : _bilus. |
||
| 490 | 3 | _aLa esmeralda viviente | |
| 500 | _aEdición original en Bio-dynamics issue No. 77, [1980] | ||
| 590 |
_aBATCH-UPD _b10 _c20130110 _lUCH01 _h0204 |
||
| 590 |
_aBATCH-UPD _b10 _c20130110 _lUCH01 _h0736 |
||
| 590 |
_aCONVERSION _b10 _c20130109 _lUCH01 _h1353 |
||
| 650 | 1 | 4 |
_aAgricultura urbana. _92030 |
| 650 | 1 | 4 |
_aCompost. _926105 |
| 830 | 3 |
_aLa esmeralda viviente _964219 |
|
| 901 | _aBK | ||
| 911 | _aen proceso | ||
| 942 | _cFOLL | ||
| 949 |
_aFolleto 17414Y _bBC _cFOLL _d33724002081272 _eTS1 _i107914 _sb |
||
| 999 |
_c96279 _d96279 |
||